000 00347nam a2200133Ia 4500
005 20260328101447.0
008 260328s9999||||xx |||||||||||||| ||und||
100 _aBlake, Peter
245 0 _aMarcel Breuer :
_b Architect and Designer /
_cPeter Blake
260 _bThe Museum of Modern Art
300 _a127 p.
650 _aARQUITECTOS
942 _cBK
999 _c8505
_d8505